| 000 -ლიდერი |
| ფიქსირებული სიგრძის საკონტროლო ველი |
01069nam a22002057a 4500 |
| 003 - საკონტროლო ნომრის იდენტიფიკატორი |
| საკონტროლო ველი |
Ge_BSU |
| 005 - ბოლო ოპერაციის თარიღი და დრო |
| საკონტროლო ველი |
20260424172407.0 |
| 008 - ფიქსირებული სიგრძის მონაცემთა ელემენტები - ზოგადი ინფორმაცია |
| ფიქსირებული სიგრძის საკონტროლო ველი |
260424s2003 ge ||||| |||| 00| 0 geo d |
| 020 ## - წიგნის საერთაშორისო სტანდარტული ნომერი |
| International Standard Book Number |
9992816341 |
| 041 ## - ენის კოდი |
| Language code of text/sound track or separate title |
geo |
| 080 ## - უნივერსალური ათობითი კლასიფიკაციის ინდექსი |
| Universal Decimal Classification number |
338.439(479.22) კ-79 |
| 100 ## - მთავარი ჩანაწერი - პიროვნების სახელი |
| Personal name |
კოღუაშვილი, პაატა |
| 9 (RLIN) |
27374 |
| 245 ## - ცნობა სათაურის შესახებ |
| Title |
სასურსათო პრობლემიდან-სასურსათო უსაფრთხოებამდე / |
| Statement of responsibility, etc |
პ. კოღუაშვილი, ჰ. გიორგაძე, ბ. რამიშვილი; [რედ.: გიორგი ზიბზიბაძე, პაატა კოღუაშვილი]. |
| 264 ## - წარმოების, გამოცემის, დისტრიბუციის და სხვა ცნობები |
| გამოცემის, წარმოების, დისტრიბუციის... ადგილი |
თბ., |
| გამოცემის, წარმოების, დისტრიბუციის... თარიღი |
[2003] |
| 300 ## - ფიზიკური აღწერა |
| Extent |
140 გვ. ; |
| Other physical details |
20 სმ. |
| 700 ## - ADDED ENTRY--PERSONAL NAME |
| Personal name |
გიორგაძე, ჰამლეტ |
| Relator term |
ავტორი |
| 9 (RLIN) |
27375 |
| 700 ## - ADDED ENTRY--PERSONAL NAME |
| Personal name |
რამიშვილი, ბადრი |
| Relator term |
ავტორი |
| 9 (RLIN) |
27376 |
| 700 ## - ADDED ENTRY--PERSONAL NAME |
| Personal name |
ზიბზიბაძე, გიორგი |
| Relator term |
რედაქტორი |
| 9 (RLIN) |
25430 |
| 942 ## - ADDED ENTRY ELEMENTS (KOHA) |
| Source of classification or shelving scheme |
|
| Koha item type |
წიგნი |